| 000 | 01353cad a22002535a 4500 | ||
|---|---|---|---|
| 001 | L139995 | ||
| 008 | 070605s2007 xxk f 000 0 eng d | ||
| 035 | _a(Sirsi) u139995 | ||
| 041 | 0 | _aeng | |
| 050 | 0 | 4 | _a333.33 $2 18 |
| 110 | 2 |
_aRoyal Institution of Chartered Surveyors _bEconomics _95033 |
|
| 245 | 0 | 0 |
_aRICS UK economic brief _bJune 2007 _h[electronic resource] |
| 260 |
_aLondon _bRICS _c2007 |
||
| 490 | 0 |
_aRICS UK Economic Brief _vJune 2007 |
|
| 520 | _aReports that: interest rates are expected to rise in July as economy remains robust; occupier demand in the commercial property market continued to expand in May pushing up rents 3.8%on the previous year; further evidence emerged this month of a construction industry in good health. The RICS Housing Market Survey shows that house price inflation reverted back to its slowing trend in May, but remains above the Survey's long run average. | ||
| 590 | _aKA | ||
| 650 | 2 | 4 | _aRICS UK ECONOMIC BRIEF |
| 651 | 4 |
_aUnited Kingdom _y |
|
| 690 | _aPROPERTY-COMMERCIAL PROPERTY-COMMERCIAL PROPERTY MARKET | ||
| 690 | _aPROPERTY-RESIDENTIAL PROPERTY-RESIDENTIAL PROPERTY MARKET | ||
| 690 | _aBUILT ENVIRONMENT-CONSTRUCTION MARKET | ||
| 856 | 4 | 0 |
_uhttps://www.rics.org/site/scripts/download_info.aspx?downloadID=711 _zView the economic brief free of charge at www.rics.org... |
| 942 | _n0 | ||
| 999 |
_c107397 _d107397 |
||